Relational Database Dictionary (Record no. 95)

MARC details
000 -LEADER
fixed length control field 00246 a2200109 4500
008 - FIXED-LENGTH DATA ELEMENTS--GENERAL INFORMATION
fixed length control field 20120305nuuuu xx |||| ||eng d
020 ## - INTERNATIONAL STANDARD BOOK NUMBER
International Standard Book Number 9780596527983
100 ## - MAIN ENTRY--PERSONAL NAME
Personal name Date, C.J.
260 ## - PUBLICATION, DISTRIBUTION, ETC.
Name of publisher, distributor, etc.
Date of publication, distribution, etc.
245 ## - TITLE STATEMENT
Title Relational Database Dictionary
942 ## - ADDED ENTRY ELEMENTS (KOHA)
Koha item type Books
Holdings
Withdrawn status Lost status Damaged status Not for loan Collection Home library Current library Shelving location Date acquired Barcode Date last seen Price effective from Koha item type
        Reference Centerville Centerville General stacks 09/04/2014 39999000003895 09/04/2014 09/04/2014 Books
        Reference Centerville Centerville General stacks 09/04/2014 39999000003918 09/04/2014 09/04/2014 Books
        Reference Midway Midway General stacks 09/04/2014 39999000003932 09/04/2014 09/04/2014 Books